The Muslims of Sri Lanka under the British rule / (Record no. 207)
[ view plain ]
| 000 -LEADER | |
|---|---|
| fixed length control field | 00501nam a2200193 a 4500 |
| 001 - CONTROL NUMBER | |
| control field | 3483670 |
| 005 - DATE AND TIME OF LATEST TRANSACTION | |
| control field | 20240129021726.0 |
| 008 - FIXED-LENGTH DATA ELEMENTS--GENERAL INFORMATION | |
| fixed length control field | 931217s1993 ii b b 001 0 eng |
| 020 ## - INTERNATIONAL STANDARD BOOK NUMBER | |
| ISBN | 8170130999 : |
| 040 ## - CATALOGING SOURCE (பட்டியலாக்க மூலம்) | |
| Original cataloging agency | DLC |
| Transcribing agency | DLC |
| 082 ## - DDC Classification | |
| DDC Edition Number | 22 |
| Class No. | 305.8. |
| Item Number - Author Mark | KAM. |
| 100 1# - MAIN ENTRY--PERSONAL NAME | |
| Personal name | ASAD Kamil M.N.M. |
| 245 14 - TITLE STATEMENT | |
| Title | The Muslims of Sri Lanka under the British rule / |
| Statement of responsibility, etc. | by M.N.M. Kamil Asad. |
| 260 ## - PUBLICATION, DISTRIBUTION, ETC. | |
| Place of publication, distribution, etc. | New Delhi : |
| Name of publisher, distributor, etc. | Navrang, |
| Date of publication, distribution, etc. | 1993. |
| 300 ## - PHYSICAL DESCRIPTION | |
| Extent (e.g. Volumes, Pages etc.) | 166 p. : |
| 650 #0 - SUBJECT ADDED ENTRY--TOPICAL TERM | |
| Topical term or geographic name entry element | Muslims |
| 650 #0 - SUBJECT ADDED ENTRY--TOPICAL TERM | |
| Topical term or geographic name entry element | British |
| 942 ## - Koha item type (Biblio) | |
| Koha item type | Books in Stacks (Lending) |
| Lost status | Damaged status | Collection code | Home library | Current library | Date acquired | Full call number | Accession Number | Item type |
|---|---|---|---|---|---|---|---|---|
| Lending | WERC Library | WERC Library | 01/29/2024 | 305.8. KAM. | 5087 | Books in Stacks (Lending) |
